[Event "WJCC U20 Girls 2019"]
[Site "New Delhi"]
[Date "2019.10.19"]
[Round "6.34"]
[White "Tanishka Kotia"]
[Black "Aouachria, Marwa"]
[Result "0-1"]
[WhiteElo "2090"]
[BlackElo "1839"]
[Annotator "NA"]
[PlyCount "104"]
[EventDate "2019.10.15"]
[EventType "swiss"]
[EventCountry "IND"]
[SourceTitle "playchess.com"]
[Source "ChessBase"]
[SourceQuality "1"]
[TimeControl "40/5400+30:1800+30"]

1. e4 {[%emt 0:00:00]} c5 {[%emt 0:00:00]} 2. Nf3 {[%emt 0:00:00]} d6 {[%emt 0:00:00]} 3. Bb5+ {[%emt 0:00:00]} Nc6 {[%emt 0:00:55]} 4. O-O {[%emt 0:00:30]} g6 {[%emt 0:01:33]} 5. c3 {[%emt 0:07:45]} Bg7 {[%emt 0:00:39]} 6. d4 {[%emt 0:01:10]} cxd4 {[%emt 0:01:17]} 7. cxd4 {[%emt 0:00:16]} a6 {[%emt 0:00:17]} 8. Bxc6+ {[%emt 0:01:36]} bxc6 {[%emt 0:00:01]} 9. h3 {[%emt 0:12:51]} Nf6 {[%emt 0:00:56]} 10. Nc3 {[%emt 0:01:05]} O-O {[%emt 0:00:24]} 11. Be3 {[%emt 0:02:01]} Rb8 {[%emt 0:01:46]} 12. Qd2 {[%emt 0:09:50]} Re8 {[%emt 0:04:16]} 13. Rfd1 {[%emt 0:04:11]} Bb7 {[%emt 0:00:29]} 14. Bh6 {[%emt 0:10:03]} Bh8 {[%emt 0:00:10]} 15. Qg5 {[%emt 0:05:21]} Qc7 {[%emt 0:14:53]} 16. Qh4 {[%emt 0:09:51]} c5 {[%emt 0:22:22]} 17. d5 {[%emt 0:11:31]} e5 {[%emt 0:18:31]} 18. Nh2 {[%emt 0:04:58]} Bg7 {[%emt 0:00:58]} 19. Rd3 {[%emt 0:09:12]} Nh5 {[%emt 0:01:43]} 20. g4 {[%emt 0:02:58]} Bxh6 {[%emt 0:01:30]} 21. gxh5 {[%emt 0:00:09]} Qd8 {[%emt 0:00:39]} 22. Qxd8 {[%emt 0:00:37]} Rexd8 {[%emt 0:00:44]} 23. hxg6 {[%emt 0:01:28]} fxg6 {[%emt 0:02:35]} 24. h4 {[%emt 0:01:39]} Bc8 {[%emt 0:00:52]} 25. Rb1 {[%emt 0:00:38]} Rf8 {[%emt 0:00:18]} 26. Ne2 {[%emt 0:01:04]} Rb4 {[%emt 0:00:18]} 27. f3 {[%emt 0:00:44]} a5 {[%emt 0:00:11]} 28. Kf2 {[%emt 0:00:50]} Rxe4 {[%emt 0:00:37]} 29. Ra3 {[%emt 0:00:49]} Ba6 {[%emt 0:01:48]} 30. Ng1 {[%emt 0:00:51]} Rxh4 {[%emt 0:00:33]} 31. Kg3 {[%emt 0:00:01]} Rh5 {[%emt 0:00:29]} 32. Ng4 {[%emt 0:00:24]} Bd2 {[%emt 0:04:00]} 33. Rd1 {[%emt 0:00:29]} Bb4 {[%emt 0:00:08]} 34. Re3 {[%emt 0:00:12]} c4 {[%emt 0:01:49]} 35. Nh3 {[%emt 0:00:27]} Bc5 {[%emt 0:00:22]} 36. Ree1 {[%emt 0:00:19]} Kg7 {[%emt 0:00:29]} 37. f4 {[%emt 0:00:51]} Rhf5 {[%emt 0:03:43]} 38. fxe5 {[%emt 0:00:01]} h5 {[%emt 0:00:50]} 39. Nf6 {[%emt 0:00:01]} Bc8 {[%emt 0:04:21]} 40. Ne4 {[%emt 0:01:43]} Rf3+ {[%emt 0:00:12]} 41. Kg2 {[%emt 0:30:27]} Bxh3+ {[%emt 0:31:54]} 42. Kh2 {[%emt 0:00:01]} Bf2 {[%emt 0:09:05]} 43. Ng5 {[%emt 0:00:00]} Bxe1 {[%emt 0:00:00]} 44. Nxf3 {[%emt 0:00:00]} Bg4 {[%emt 0:00:00]} 45. Rxe1 {[%emt 0:00:00]} Bxf3 {[%emt 0:00:00]} 46. exd6 {[%emt 0:00:00]} Bxd5 {[%emt 0:00:00]} 47. Re5 {[%emt 0:00:00]} Bf7 {[%emt 0:00:00]} 48. Rxa5 {[%emt 0:00:00]} Rd8 {[%emt 0:00:00]} 49. Ra6 {[%emt 0:00:00]} Kf6 {[%emt 0:00:00]} 50. a4 {[%emt 0:00:00]} Rd7 {[%emt 0:00:00]} 51. a5 {[%emt 0:00:00]} Ke6 {[%emt 0:00:00]} 52. Rc6 {[%emt 0:00:00]} Kd5 {[%emt 0:00:00]} 0-1

[Event "WJCC U20 Girls 2019"]
[Site "New Delhi"]
[Date "2019.10.19"]
[Round "6.35"]
[White "Punsalan, Vyanla M"]
[Black "Nastase, Andreea-Cristina"]
[Result "1/2-1/2"]
[WhiteElo "1964"]
[BlackElo "2077"]
[Annotator "NA"]
[PlyCount "63"]
[EventDate "2019.10.15"]
[EventType "swiss"]
[EventCountry "IND"]
[SourceTitle "playchess.com"]
[Source "ChessBase"]
[SourceQuality "1"]
[TimeControl "40/5400+30:1800+30"]

1. e4 {[%emt 0:00:00]} c5 {[%emt 0:00:00]} 2. c3 {[%emt 0:00:00]} Nf6 {[%emt 0:00:00]} 3. e5 {[%emt 0:00:18]} Nd5 {[%emt 0:00:00]} 4. d4 {[%emt 0:00:16]} cxd4 {[%emt 0:00:00]} 5. Nf3 {[%emt 0:00:08]} e6 {[%emt 0:00:00]} 6. cxd4 {[%emt 0:01:11]} d6 {[%emt 0:00:00]} 7. Nc3 {[%emt 0:01:56]} dxe5 {[%emt 0:01:26]} 8. Nxe5 {[%emt 0:01:30]} Nxc3 {[%emt 0:00:44]} 9. bxc3 {[%emt 0:01:19]} Nd7 {[%emt 0:00:36]} 10. Bb5 {[%emt 0:03:51]} a6 {[%emt 0:00:59]} 11. Qf3 {[%emt 0:02:41]} Qf6 {[%emt 0:23:14]} 12. Bxd7+ {[%emt 0:06:20]} Bxd7 {[%emt 0:00:04]} 13. Qxb7 {[%emt 0:01:19]} Rd8 {[%emt 0:00:03]} 14. Qxa6 {[%emt 0:07:31]} Be7 {[%emt 0:00:44]} 15. Nxd7 {[%emt 0:02:36]} Rxd7 {[%emt 0:00:04]} 16. Qa4 {[%emt 0:07:09]} Qf5 {[%emt 0:04:44]} 17. O-O {[%emt 0:07:01]} Qd5 {[%emt 0:00:54]} 18. Be3 {[%emt 0:06:02]} O-O {[%emt 0:00:54]} 19. c4 {[%emt 0:01:06]} Ra8 {[%emt 0:02:52]} 20. Qb3 {[%emt 0:02:38]} Qe4 {[%emt 0:02:11]} 21. Qb1 {[%emt 0:08:03]} Qc6 {[%emt 0:02:47]} 22. c5 {[%emt 0:03:29]} Bf6 {[%emt 0:03:17]} 23. Qb6 {[%emt 0:03:53]} Qc8 {[%emt 0:01:19]} 24. Rfd1 {[%emt 0:03:33]} h5 {[%emt 0:18:20]} 25. a4 {[%emt 0:08:24]} Rda7 {[%emt 0:03:18]} 26. Rdb1 {[%emt 0:05:26]} Rxa4 {[%emt 0:01:09]} 27. Rxa4 {[%emt 0:00:06]} Rxa4 {[%emt 0:00:01]} 28. Qd6 {[%emt 0:00:26]} Qb7 {[%emt 0:10:22]} 29. Qb6 {[%emt 0:02:29]} Qc8 {[%emt 0:00:26]} 30. Qd6 {[%emt 0:02:59]} Qb7 {[%emt 0:00:06]} 31. Qb6 {[%emt 0:04:08]} Qc8 {[%emt 0:00:07]} 32. Qd6 {[%emt 0:00:27]} 1/2-1/2

[Event "WJCC U20 Girls 2019"]
[Site "New Delhi"]
[Date "2019.10.19"]
[Round "6.36"]
[White "Srimathi R"]
[Black "Bauyrzhan, Arnash"]
[Result "0-1"]
[WhiteElo "1914"]
[BlackElo "2075"]
[Annotator "NA"]
[PlyCount "109"]
[EventDate "2019.10.15"]
[EventType "swiss"]
[EventCountry "IND"]
[SourceTitle "playchess.com"]
[Source "ChessBase"]
[SourceQuality "1"]
[TimeControl "40/5400+30:1800+30"]

1. e4 {[%emt 0:00:08]} c5 {[%emt 0:00:00]} 2. Nf3 {[%emt 0:00:05]} e6 {[%emt 0:00:00]} 3. d4 {[%emt 0:00:05]} cxd4 {[%emt 0:00:15]} 4. Nxd4 {[%emt 0:00:06]} a6 {[%emt 0:00:22]} 5. Bd3 {[%emt 0:00:10]} Nf6 {[%emt 0:00:30]} 6. O-O {[%emt 0:00:07]} Qc7 {[%emt 0:01:14]} 7. c4 {[%emt 0:02:41]} Nc6 {[%emt 0:07:05]} 8. Nxc6 {[%emt 0:03:03]} bxc6 {[%emt 0:01:32]} 9. Be3 {[%emt 0:03:21]} d6 {[%emt 0:02:26]} 10. Nc3 {[%emt 0:04:20]} Be7 {[%emt 0:01:00]} 11. f4 {[%emt 0:01:33]} O-O {[%emt 0:03:07]} 12. Qe2 {[%emt 0:00:50]} Rb8 {[%emt 0:06:29]} 13. Kh1 {[%emt 0:03:42]} Qa5 {[%emt 0:04:30]} 14. a3 {[%emt 0:06:36]} e5 {[%emt 0:09:12]} 15. b4 {[%emt 0:03:33]} Qc7 {[%emt 0:00:12]} 16. f5 {[%emt 0:07:07]} Bb7 {[%emt 0:03:33]} 17. Rac1 {[%emt 0:04:21]} Qd8 {[%emt 0:10:12]} 18. Rcd1 {[%emt 0:08:38]} a5 {[%emt 0:08:56]} 19. Bg1 {[%emt 0:04:29]} axb4 {[%emt 0:02:53]} 20. axb4 {[%emt 0:00:05]} Ra8 {[%emt 0:07:14]} 21. b5 {[%emt 0:08:26]} Ra3 {[%emt 0:05:06]} 22. bxc6 {[%emt 0:02:00]} Bxc6 {[%emt 0:00:24]} 23. Nd5 {[%emt 0:06:40]} Bxd5 {[%emt 0:01:44]} 24. exd5 {[%emt 0:01:10]} Qa5 {[%emt 0:00:56]} 25. Bb1 {[%emt 0:00:40]} Nd7 {[%emt 0:04:27]} 26. Rf3 {[%emt 0:07:15]} Rxf3 {[%emt 0:06:40]} 27. Qxf3 {[%emt 0:00:05]} Rb8 {[%emt 0:01:03]} 28. Qe2 {[%emt 0:02:33]} Qa3 {[%emt 0:03:06]} 29. Qa2 {[%emt 0:02:54]} Qxa2 30. Bxa2 {[%emt 0:00:05]} Bd8 {[%emt 0:02:30]} 31. Rb1 {[%emt 0:02:40]} Rxb1 {[%emt 0:00:16]} 32. Bxb1 {[%emt 0:00:05]} Bb6 {[%emt 0:00:35]} 33. g4 {[%emt 0:00:41]} f6 {[%emt 0:03:37]} 34. Bc2 {[%emt 0:00:27]} Bxg1 {[%emt 0:00:18]} 35. Kxg1 {[%emt 0:00:05]} Kf8 {[%emt 0:00:52]} 36. Kf2 {[%emt 0:00:13]} Ke7 {[%emt 0:00:24]} 37. Ke3 {[%emt 0:02:03]} Kd8 {[%emt 0:00:10]} 38. h3 {[%emt 0:00:52]} Kc7 {[%emt 0:00:20]} 39. Kd2 {[%emt 0:00:25]} Kb6 {[%emt 0:00:49]} 40. Kc3 {[%emt 0:00:31]} Kc5 {[%emt 0:00:19]} 41. Be4 {[%emt 0:33:06]} Nb6 {[%emt 0:30:26]} 42. Bd3 {[%emt 0:00:11]} e4 {[%emt 0:00:00]} 43. Bf1 {[%emt 0:00:00]} Nd7 {[%emt 0:00:00]} 44. Be2 {[%emt 0:00:00]} Ne5 {[%emt 0:00:00]} 45. h4 {[%emt 0:00:00]} Nf3 {[%emt 0:00:00]} 46. h5 {[%emt 0:00:00]} Nd4 {[%emt 0:00:00]} 47. Bf1 {[%emt 0:00:00]} e3 {[%emt 0:00:00]} 48. Kd3 {[%emt 0:00:00]} e2 {[%emt 0:00:00]} 49. Bxe2 {[%emt 0:00:00]} Nxe2 {[%emt 0:00:00]} 50. Kxe2 {[%emt 0:00:00]} Kxc4 {[%emt 0:00:00]} 51. Ke3 {[%emt 0:00:00]} Kxd5 {[%emt 0:00:00]} 52. Kd3 {[%emt 0:00:00]} Ke5 {[%emt 0:00:00]} 53. Ke3 {[%emt 0:00:00]} h6 {[%emt 0:00:00]} 54. Kd3 {[%emt 0:00:00]} Kf4 {[%emt 0:00:00]} 55. Kd4 {Ke5+} 0-1

[Event "WJCC U20 Girls 2019"]
[Site "New Delhi"]
[Date "2019.10.19"]
[Round "6.37"]
[White "Levitan, Ronit"]
[Black "Jain Nityata"]
[Result "0-1"]
[WhiteElo "1893"]
[BlackElo "2029"]
[Annotator "NA"]
[PlyCount "98"]
[EventDate "2019.10.15"]
[EventType "swiss"]
[EventCountry "IND"]
[SourceTitle "playchess.com"]
[Source "ChessBase"]
[SourceQuality "1"]
[TimeControl "40/5400+30:1800+30"]

1. e4 {[%emt 0:00:00]} c6 {[%emt 0:01:44]} 2. d4 {[%emt 0:00:00]} d5 {[%emt 0:00:21]} 3. exd5 {[%emt 0:00:00]} cxd5 {[%emt 0:00:42]} 4. c4 {[%emt 0:00:15]} Nf6 {[%emt 0:00:10]} 5. Nc3 {[%emt 0:00:12]} Nc6 {[%emt 0:00:05]} 6. Nf3 {[%emt 0:00:33]} Bg4 {[%emt 0:00:32]} 7. cxd5 {[%emt 0:00:54]} Nxd5 {[%emt 0:00:08]} 8. Be2 {[%emt 0:01:04]} e6 {[%emt 0:03:43]} 9. O-O {[%emt 0:01:12]} Be7 {[%emt 0:02:19]} 10. h3 {[%emt 0:00:33]} Bh5 {[%emt 0:06:07]} 11. Qb3 {[%emt 0:02:13]} Nxc3 {[%emt 0:11:24]} 12. bxc3 {[%emt 0:04:37]} Qd7 {[%emt 0:03:17]} 13. Ne5 {[%emt 0:05:01]} Nxe5 {[%emt 0:01:11]} 14. Bxh5 {[%emt 0:00:32]} Nc6 {[%emt 0:00:46]} 15. Bf3 {[%emt 0:24:29]} Na5 {[%emt 0:05:31]} 16. Qc2 {[%emt 0:01:16]} O-O {[%emt 0:05:40]} 17. Rb1 {[%emt 0:06:19]} Rac8 {[%emt 0:01:03]} 18. d5 {[%emt 0:11:17]} e5 {[%emt 0:10:07]} 19. Be3 {[%emt 0:11:48]} b6 {[%emt 0:09:58]} 20. Be2 {[%emt 0:08:51]} Qxd5 {[%emt 0:06:45]} 21. Rb5 {[%emt 0:00:31]} Qc6 {[%emt 0:01:36]} 22. Rd1 {[%emt 0:04:48]} Bf6 {[%emt 0:04:00]} 23. Qf5 {[%emt 0:07:51]} Rfd8 {[%emt 0:08:17]} 24. Rbb1 {[%emt 0:02:26]} g6 {[%emt 0:02:49]} 25. Qg4 {[%emt 0:00:41]} Kg7 {[%emt 0:07:45]} 26. h4 {[%emt 0:02:32]} h5 {[%emt 0:01:16]} 27. Qg3 {[%emt 0:00:52]} Qe4 {[%emt 0:01:41]} 28. Bf3 {[%emt 0:02:12]} Qxh4 {[%emt 0:01:45]} 29. Qxh4 {[%emt 0:00:04]} Bxh4 {[%emt 0:00:05]} 30. Rb5 {[%emt 0:01:15]} Nc4 {[%emt 0:02:04]} 31. Rbd5 {[%emt 0:00:31]} Rxd5 {[%emt 0:00:47]} 32. Rxd5 {[%emt 0:00:06]} Nxe3 {[%emt 0:00:48]} 33. fxe3 {[%emt 0:00:06]} Rxc3 {[%emt 0:00:51]} 34. Rxe5 {[%emt 0:00:10]} Bg3 {[%emt 0:00:32]} 35. Rd5 {[%emt 0:00:50]} Rxe3 {[%emt 0:00:18]} 36. Rd1 {[%emt 0:00:32]} b5 {[%emt 0:01:17]} 37. Bc6 {[%emt 0:00:35]} b4 {[%emt 0:00:24]} 38. Bd5 {[%emt 0:00:10]} a5 {[%emt 0:00:33]} 39. Bb3 {[%emt 0:00:24]} Re7 {[%emt 0:00:35]} 40. Rf1 {[%emt 0:00:44]} f5 {[%emt 0:00:28]} 41. Rd1 {[%emt 0:01:55]} h4 {[%emt 0:03:32]} 42. Ba4 {[%emt 0:03:02]} Kf6 {[%emt 0:01:38]} 43. Bb5 {[%emt 0:04:07]} Re3 {[%emt 0:02:19]} 44. Ba4 {[%emt 0:08:07]} Ra3 {[%emt 0:03:08]} 45. Bb3 {[%emt 0:00:18]} a4 {[%emt 0:00:19]} 46. Bd5 {[%emt 0:02:28]} b3 {[%emt 0:01:25]} 47. Bc4 {[%emt 0:02:55]} bxa2 {[%emt 0:05:50]} 48. Ra1 {[%emt 0:00:24]} Rc3 {[%emt 0:00:35]} 49. Bxa2 {[%emt 0:00:59]} Ra3 {[%emt 0:00:13]} 0-1

[Event "WJCC U20 Girls 2019"]
[Site "New Delhi"]
[Date "2019.10.19"]
[Round "6.38"]
[White "Meghna, C H"]
[Black "Jayaweera, Sayuni Gihansa"]
[Result "1-0"]
[WhiteElo "1956"]
[BlackElo "1788"]
[Annotator "NA"]
[PlyCount "67"]
[EventDate "2019.10.15"]
[EventType "swiss"]
[EventCountry "IND"]
[SourceTitle "playchess.com"]
[Source "ChessBase"]
[SourceQuality "1"]
[TimeControl "40/5400+30:1800+30"]

1. e4 {[%emt 0:00:00]} c5 {[%emt 0:00:00]} 2. Nc3 {[%emt 0:00:00]} g6 {[%emt 0:00:16]} 3. g3 {[%emt 0:00:00]} Bg7 {[%emt 0:00:15]} 4. Bg2 {[%emt 0:00:01]} Nc6 {[%emt 0:00:59]} 5. d3 {[%emt 0:00:08]} d6 {[%emt 0:01:49]} 6. Be3 {[%emt 0:07:28]} Nf6 {[%emt 0:01:03]} 7. h3 {[%emt 0:00:12]} Rb8 {[%emt 0:01:25]} 8. f4 {[%emt 0:02:13]} Nd4 {[%emt 0:04:15]} 9. Nge2 {[%emt 0:09:09]} Nd7 {[%emt 0:01:54]} 10. O-O {[%emt 0:01:57]} b5 {[%emt 0:03:06]} 11. Qd2 {[%emt 0:07:17]} b4 {[%emt 0:03:11]} 12. Nd1 {[%emt 0:00:37]} a5 {[%emt 0:04:51]} 13. Nc1 {[%emt 0:18:18]} Qc7 {[%emt 0:04:00]} 14. f5 {[%emt 0:04:34]} Ne5 {[%emt 0:08:35]} 15. c3 {[%emt 0:04:47]} bxc3 {[%emt 0:00:17]} 16. bxc3 {[%emt 0:00:04]} Ndc6 {[%emt 0:01:03]} 17. Bh6 {[%emt 0:00:42]} Bf6 {[%emt 0:03:16]} 18. Ne3 {[%emt 0:03:12]} Qb6 {[%emt 0:05:21]} 19. Rf2 {[%emt 0:06:09]} a4 {[%emt 0:07:23]} 20. Nd5 {[%emt 0:02:28]} Qa5 {[%emt 0:00:09]} 21. Ne2 {[%emt 0:13:05]} Rg8 {[%emt 0:03:36]} 22. Nxf6+ {[%emt 0:02:51]} exf6 {[%emt 0:00:02]} 23. fxg6 {[%emt 0:00:35]} Rxg6 {[%emt 0:00:35]} 24. Raf1 {[%emt 0:01:30]} Qd8 {[%emt 0:01:03]} 25. d4 {[%emt 0:05:15]} cxd4 {[%emt 0:00:36]} 26. cxd4 {[%emt 0:00:05]} Nc4 {[%emt 0:00:32]} 27. Qc1 {[%emt 0:01:18]} Ba6 {[%emt 0:02:01]} 28. e5 {[%emt 0:03:08]} d5 {[%emt 0:03:38]} 29. Rxf6 {[%emt 0:01:15]} Rxf6 {[%emt 0:00:10]} 30. Rxf6 {[%emt 0:00:30]} Nb4 {[%emt 0:03:00]} 31. Qg5 {[%emt 0:03:27]} Nc6 {[%emt 0:09:57]} 32. Qg8+ {[%emt 0:01:32]} Kd7 {[%emt 0:00:02]} 33. Qxf7+ {[%emt 0:00:05]} Ne7 {[%emt 0:00:13]} 34. Rxa6 {[%emt 0:00:50]} 1-0

[Event "WJCC U20 Girls 2019"]
[Site "New Delhi"]
[Date "2019.10.19"]
[Round "6.39"]
[White "Tamarozi, Isabelle"]
[Black "Noshin, Anjum"]
[Result "1-0"]
[WhiteElo "2029"]
[BlackElo "1793"]
[Annotator "NA"]
[PlyCount "33"]
[EventDate "2019.10.15"]
[EventType "swiss"]
[EventCountry "IND"]
[SourceTitle "playchess.com"]
[Source "ChessBase"]
[SourceQuality "1"]
[TimeControl "40/5400+30:1800+30"]

1. e4 {[%emt 0:00:00]} e5 {[%emt 0:00:00]} 2. Nf3 {[%emt 0:00:00]} Nc6 {[%emt 0:00:00]} 3. d4 {[%emt 0:00:16]} exd4 {[%emt 0:00:00]} 4. Nxd4 {[%emt 0:00:20]} Nf6 {[%emt 0:00:15]} 5. Nxc6 {[%emt 0:00:31]} bxc6 {[%emt 0:00:10]} 6. e5 {[%emt 0:00:52]} Qe7 {[%emt 0:01:12]} 7. Qe2 {[%emt 0:00:29]} Nd5 {[%emt 0:00:07]} 8. h4 {[%emt 0:01:02]} a5 {[%emt 0:00:22]} 9. Nd2 {[%emt 0:04:46]} Ba6 {[%emt 0:06:48]} 10. c4 {[%emt 0:03:51]} Nb6 {[%emt 0:07:11]} 11. b3 {[%emt 0:06:48]} Qe6 {[%emt 0:01:45]} 12. Bb2 {[%emt 0:05:30]} g6 {[%emt 0:21:04]} 13. h5 {[%emt 0:09:59]} a4 {[%emt 0:13:26]} 14. g3 {[%emt 0:08:51]} Bb7 {[%emt 0:10:47]} 15. Bh3 {[%emt 0:07:02]} Qe7 {[%emt 0:02:50]} 16. e6 {[%emt 0:14:18]} Rg8 {[%emt 0:06:34]} 17. Bf6 {[%emt 0:03:03]} 1-0

[Event "WJCC U20 Girls 2019"]
[Site "New Delhi"]
[Date "2019.10.19"]
[Round "6.40"]
[White "Dahampriya, H K T Dewnethmie"]
[Black "Ananya, Suresh"]
[Result "0-1"]
[WhiteElo "1629"]
[BlackElo "1896"]
[Annotator "NA"]
[PlyCount "62"]
[EventDate "2019.10.15"]
[EventType "swiss"]
[EventCountry "IND"]
[SourceTitle "playchess.com"]
[Source "ChessBase"]
[SourceQuality "1"]
[TimeControl "40/5400+30:1800+30"]

1. e4 {[%emt 0:00:00]} c5 {[%emt 0:00:00]} 2. Nf3 {[%emt 0:00:00]} Nc6 {[%emt 0:00:23]} 3. Bb5 {[%emt 0:00:00]} g6 {[%emt 0:01:24]} 4. O-O {[%emt 0:00:11]} Bg7 {[%emt 0:00:17]} 5. Bxc6 {[%emt 0:00:37]} bxc6 {[%emt 0:00:12]} 6. d3 {[%emt 0:00:09]} e5 {[%emt 0:04:53]} 7. c4 {[%emt 0:03:44]} Ne7 {[%emt 0:01:21]} 8. Nc3 {[%emt 0:04:29]} O-O {[%emt 0:00:42]} 9. Nd2 {[%emt 0:00:37]} f5 {[%emt 0:05:19]} 10. f4 {[%emt 0:00:13]} d5 {[%emt 0:02:29]} 11. exd5 {[%emt 0:23:16]} cxd5 {[%emt 0:04:36]} 12. fxe5 {[%emt 0:00:18]} Bxe5 {[%emt 0:00:54]} 13. Ne2 {[%emt 0:10:41]} dxc4 {[%emt 0:11:12]} 14. dxc4 {[%emt 0:00:29]} Rb8 {[%emt 0:02:14]} 15. Qc2 {[%emt 0:03:36]} Nc6 {[%emt 0:09:09]} 16. Nf3 {[%emt 0:00:30]} Bf6 {[%emt 0:01:43]} 17. a3 {[%emt 0:02:44]} g5 {[%emt 0:05:39]} 18. Rb1 {[%emt 0:06:00]} f4 {[%emt 0:04:19]} 19. Kh1 {[%emt 0:07:33]} Ne7 {[%emt 0:05:20]} 20. Rd1 {[%emt 0:02:44]} Qe8 {[%emt 0:01:07]} 21. Qd2 {[%emt 0:02:54]} Bf5 {[%emt 0:03:10]} 22. Ra1 {[%emt 0:00:05]} Qh5 {[%emt 0:01:44]} 23. Nc3 {[%emt 0:08:22]} Bg4 {[%emt 0:07:27]} 24. Qf2 {[%emt 0:02:04]} Nf5 {[%emt 0:01:04]} 25. Ne4 {[%emt 0:03:40]} Nd4 {[%emt 0:02:17]} 26. Nxf6+ {[%emt 0:00:23]} Rxf6 {[%emt 0:00:12]} 27. Rf1 {[%emt 0:01:12]} Bxf3 {[%emt 0:00:35]} 28. gxf3 {[%emt 0:00:07]} Re8 {[%emt 0:00:31]} 29. Qg1 {[%emt 0:03:57]} Re2 {[%emt 0:00:53]} 30. Rf2 {[%emt 0:03:48]} Nxf3 {[%emt 0:00:16]} 31. Qg2 {[%emt 0:00:23]} Re1+ {[%emt 0:00:09]} 0-1

[Event "WJCC U20 Girls 2019"]
[Site "New Delhi"]
[Date "2019.10.19"]
[Round "6.41"]
[White "Abdala Cancino, Patricia Anastas"]
[Black "Rindhiya V"]
[Result "0-1"]
[WhiteElo "1608"]
[BlackElo "1817"]
[Annotator "NA"]
[PlyCount "76"]
[EventDate "2019.10.15"]
[EventType "swiss"]
[EventCountry "IND"]
[SourceTitle "playchess.com"]
[Source "ChessBase"]
[SourceQuality "1"]
[TimeControl "40/5400+30:1800+30"]

1. e4 {[%emt 0:04:04]} e5 {[%emt 0:00:00]} 2. Nf3 {[%emt 0:01:55]} Nc6 {[%emt 0:00:00]} 3. Bc4 {[%emt 0:00:43]} Bc5 {[%emt 0:00:00]} 4. c3 {[%emt 0:00:05]} Nf6 {[%emt 0:00:00]} 5. d3 {[%emt 0:00:10]} d6 {[%emt 0:00:00]} 6. Bb3 {[%emt 0:00:27]} a6 {[%emt 0:00:06]} 7. h3 {[%emt 0:01:00]} h6 {[%emt 0:00:12]} 8. Nbd2 {[%emt 0:00:07]} O-O {[%emt 0:00:06]} 9. g4 {[%emt 0:00:50]} Nh7 {[%emt 0:22:34]} 10. Nf1 {[%emt 0:02:26]} Be6 {[%emt 0:01:58]} 11. Ng3 {[%emt 0:00:32]} d5 {[%emt 0:03:36]} 12. Qe2 {[%emt 0:00:22]} dxe4 {[%emt 0:03:56]} 13. dxe4 {[%emt 0:00:46]} Na5 {[%emt 0:17:40]} 14. Bxe6 {[%emt 0:03:01]} fxe6 {[%emt 0:00:08]} 15. b4 {[%emt 0:00:03]} Ba7 {[%emt 0:17:22]} 16. bxa5 {[%emt 0:00:26]} Qf6 {[%emt 0:00:07]} 17. Be3 {[%emt 0:05:00]} Bxe3 {[%emt 0:00:42]} 18. Qxe3 {[%emt 0:00:03]} Qxf3 {[%emt 0:00:05]} 19. Qxf3 {[%emt 0:06:01]} Rxf3 {[%emt 0:00:02]} 20. Rb1 {[%emt 0:01:57]} Rxc3 {[%emt 0:01:23]} 21. Rxb7 {[%emt 0:00:04]} Rc5 {[%emt 0:07:55]} 22. O-O {[%emt 0:01:49]} Rf8 {[%emt 0:03:59]} 23. Ra7 {[%emt 0:02:37]} Rxa5 {[%emt 0:01:32]} 24. Rxc7 {[%emt 0:00:02]} Rxa2 {[%emt 0:00:16]} 25. Nh5 {[%emt 0:03:03]} Ng5 {[%emt 0:13:13]} 26. Rxg7+ {[%emt 0:02:45]} Kh8 {[%emt 0:00:01]} 27. Rg6 {[%emt 0:00:38]} Nxh3+ {[%emt 0:01:51]} 28. Kg2 {[%emt 0:00:10]} Nxf2 {[%emt 0:01:31]} 29. Rxh6+ {[%emt 0:00:58]} Kg8 {[%emt 0:00:01]} 30. Rg6+ {[%emt 0:04:53]} Kh7 {[%emt 0:00:03]} 31. Rg7+ {[%emt 0:01:13]} Kh6 {[%emt 0:01:07]} 32. Rb1 {[%emt 0:07:27]} Nxg4+ {[%emt 0:00:12]} 33. Kg3 {[%emt 0:00:13]} Nf6 {[%emt 0:01:09]} 34. Nxf6 {[%emt 0:01:33]} Kxg7 {[%emt 0:00:02]} 35. Nd7 {[%emt 0:00:23]} Ra3+ {[%emt 0:00:49]} 36. Kg2 {[%emt 0:00:45]} Rf4 {[%emt 0:00:34]} 37. Rb7 {[%emt 0:00:15]} Rf7 {[%emt 0:00:28]} 38. Nc5 {[%emt 0:00:42]} Rxb7 {[%emt 0:00:06]} 0-1

[Event "WJCC U20 Girls 2019"]
[Site "New Delhi"]
[Date "2019.10.19"]
[Round "6.42"]
[White "Du Plessis, Anika"]
[Black "Bhagyashree Patil"]
[Result "0-1"]
[WhiteElo "1594"]
[BlackElo "1802"]
[Annotator "NA"]
[PlyCount "78"]
[EventDate "2019.10.15"]
[EventType "swiss"]
[EventCountry "IND"]
[SourceTitle "playchess.com"]
[Source "ChessBase"]
[SourceQuality "1"]
[TimeControl "40/5400+30:1800+30"]

1. e4 {[%emt 0:00:00]} e5 {[%emt 0:00:00]} 2. Nf3 {[%emt 0:00:00]} Nc6 {[%emt 0:00:00]} 3. d4 {[%emt 0:00:00]} exd4 {[%emt 0:00:00]} 4. Nxd4 {[%emt 0:00:00]} Bc5 {[%emt 0:00:15]} 5. Nb3 {[%emt 0:01:41]} Bb6 {[%emt 0:00:10]} 6. Be2 {[%emt 0:03:38]} Nf6 {[%emt 0:01:32]} 7. Nc3 {[%emt 0:01:36]} a5 {[%emt 0:01:52]} 8. O-O {[%emt 0:03:59]} d6 {[%emt 0:01:04]} 9. Bg5 {[%emt 0:02:28]} h6 {[%emt 0:05:04]} 10. Bh4 {[%emt 0:04:31]} g5 {[%emt 0:07:30]} 11. Bg3 {[%emt 0:00:12]} h5 {[%emt 0:00:25]} 12. h4 {[%emt 0:03:59]} g4 {[%emt 0:03:43]} 13. Bb5 {[%emt 0:06:47]} Bd7 {[%emt 0:06:19]} 14. Bxc6 {[%emt 0:08:59]} Bxc6 {[%emt 0:02:06]} 15. e5 {[%emt 0:01:14]} dxe5 {[%emt 0:01:32]} 16. Qxd8+ {[%emt 0:02:24]} Rxd8 {[%emt 0:01:15]} 17. Bxe5 {[%emt 0:03:21]} Rh6 {[%emt 0:00:58]} 18. Nc1 {[%emt 0:09:00]} Kf8 {[%emt 0:07:42]} 19. Nd3 {[%emt 0:02:36]} Ne4 {[%emt 0:01:20]} 20. Bf4 {[%emt 0:09:46]} Re6 {[%emt 0:01:53]} 21. Nxe4 {[%emt 0:02:56]} Bxe4 {[%emt 0:00:36]} 22. Ne5 {[%emt 0:08:57]} Rd4 {[%emt 0:17:06]} 23. c3 {[%emt 0:07:07]} Rd5 {[%emt 0:01:16]} 24. Nc4 {[%emt 0:00:38]} Ba7 {[%emt 0:01:58]} 25. Ne3 {[%emt 0:02:03]} Rd2 {[%emt 0:01:51]} 26. b3 {[%emt 0:06:23]} g3 {[%emt 0:01:39]} 27. Nd1 {[%emt 0:02:41]} gxf2+ {[%emt 0:03:34]} 28. Nxf2 {[%emt 0:00:58]} Rb2 {[%emt 0:02:01]} 29. Rad1 {[%emt 0:01:33]} Bc6 {[%emt 0:02:49]} 30. Rd8+ {[%emt 0:01:29]} Kg7 {[%emt 0:01:06]} 31. Rd2 {[%emt 0:00:24]} Rxd2 {[%emt 0:00:34]} 32. Bxd2 {[%emt 0:00:03]} Rg6 {[%emt 0:00:34]} 33. Bg5 {[%emt 0:01:55]} f6 {[%emt 0:00:14]} 34. Kh2 {[%emt 0:01:28]} fxg5 {[%emt 0:00:39]} 35. Nd3 {[%emt 0:00:29]} Rf6 {[%emt 0:01:31]} 36. Re1 {[%emt 0:00:56]} gxh4 {[%emt 0:00:41]} 37. Kh3 {[%emt 0:00:23]} Bf2 {[%emt 0:00:40]} 38. Re7+ {[%emt 0:01:10]} Kf8 {[%emt 0:00:14]} 39. Re5 {[%emt 0:00:32]} Bg3 {[%emt 0:00:25]} 0-1